000 01028nam a22001937a 4500
003 JO-AjAnu
005 20260419090550.0
008 260419b jo ||||| |||| 00| 0 ara d
040 _aANU
_cJO-AjAnu
041 _hARA
100 _aالمومني، انس وليد فرج
_eمعد
_966953
245 _aالتمثيل السردي في القصة الخليجية القصيرة، مريم الساعدي انموذجا = Narrative representation in the Gulf short story: Maryam Al-Saedi as a model
_c / انس وليد فرج المومني؛ اشراف سلامة العمري
260 _aعجلون:
_bجامعة عجلون الوطنية؛
_c2026
300 _a113 ورقة
500 _aرسالة جامعية (رسالة ماجستير في اللغة العربية وآدابها-كلية الآداب) جامعة عجلون الوطنية؛ 2026
650 _vالقصة العربية-تاريخ ونقد-السرد الأدبي
700 _aالعمري، سلامة
_eمشرف
_966580
942 _2lcc
_cTHS
_n0
999 _c34179
_d34179